| 000 | 00521nam a22001577a 4500 | ||
|---|---|---|---|
| 003 | OSt | ||
| 005 | 20151016140002.0 | ||
| 008 | 130607s1999 sp ||||| |||| 00| 0 spa d | ||
| 040 | _cCDMR | ||
| 245 |
_a[RNE Barcelona _b: 50 años] _cRadio Nacional de España Barcelona y Archivo Histórico de Radio Nacional de España |
||
| 260 |
_a[Barcelona _bRadio Nacional de España _c1999] |
||
| 300 | _a26 p. | ||
| 610 | 2 |
_93198 _aRadio Nacional de España _zBarcelona |
|
| 710 | 2 |
_93198 _aRadio Nacional de España |
|
| 942 |
_2udc _cFULLET |
||
| 999 |
_c6420 _d6420 |
||